000 01552nam0a22003371 4500
001 rc\174203
005 20250620220600.0
010 _a5-85731-004-0
_930000
035 _a(NLR Aleph) 005435755
090 _a4704313
_c4704313
100 _a20030307d1995 |||y0rusy50 ca
101 0 _arus
102 _aRU
105 _aa |||||||||
200 1 _aОчи черные
_eПесни рус. трактира
_e[Сборник
_fСост. С. Стрелецкий]
210 _aКомсомольск-на-Амуре
_cНиж. Амур
_d1995
215 _a89, [1] с.
_cил.
_d20
327 1 _aСодерж.: Разд.: Очи черные; Вечерний звон; Белеет мой парус; Сиреневый туман; Играй, музыкант; Вещая судьба; Наливай, поговорим
464 0 _12001#$aОчи черные
_tОчи черные
464 0 _12001#$aВечерний звон
_tВечерний звон
464 0 _12001#$aБелеет мой парус
_tБелеет мой парус
464 0 _12001#$aСиреневый туман
_tСиреневый туман
464 0 _12001#$aИграй, музыкант
_tИграй, музыкант
464 0 _12001#$aВещая судьба
_tВещая судьба
464 0 _12001#$aНаливай, поговорим
_tНаливай, поговорим
702 1 _aСтрелецкий
_bС.
_gСергей
_4220
801 0 _aRU
_bNLR
_gpsbo
801 1 _aRU
_bELAR
_2rusmarc
852 _aNLR
_j96-4/8897
942 _cBOOK
980 _aNB